000 00766cam a2200205 i 4500
005 20251214113049.0
008 250721s2016 le gr 000 0 ara d
082 1 4 _a216.792
_bب ا ل
100 1 _aالباليساني، احمد محمد طه
_eمؤلف.
245 1 2 _aالقتل الخطأ في الشريعة والقانون /
_cتأليف أ.د. أحمد محمد طه الباليساني.
250 _aالطبعة الأولى.
264 3 1 _aبيروت :
_bدار الكتب العلمية،
_c2016.
300 _a256صفحة.
650 1 7 _aالفقه الإسلامي.
650 1 7 _aالعقوبات.
650 1 7 _aالقتل بالخطأ.
650 1 7 _aالقانون الجنائي.
942 _2ddc
_cBK
999 _c135255
_d135255